• 首页
  • 本馆介绍
  • 公告通知
  • 最新文献
  • 馆藏检索
  • 电子资源
  • 读者导购
  • 参考咨询
  • 我的图书馆
  • 登录
  • 详细信息显示
  • 放入我的书架
  • 预约/预借图书
  • 作者相关作品
  • 分类相关作品
  • 丛书相关作品
  • 出版社相关作品

书目信息

  • 表格格式
  • 工作单格式
  • 卡片格式
题名:
“优教”成就“栋梁”
    
 
作者: 孙琳 主编
分册:  
出版信息: 上海   文汇出版社  2020.09
页数: 205页
开本: 23cm
丛书名:
单 册:
中图分类: G626
科图分类:
主题词: 学校教育--合作--家庭教育--小学
电子资源:
ISBN: 978-7-5496-3235-0
000 00992nam0 2200241 450
001 012001001903
005 20141203092658.0
010    @a978-7-5496-3235-0@dCNY40.00
100    @a20220905d2020 em y0chiy50 ea
101 0  @achi
102    @aCN@b310000
105    @ay z 000yy
106    @ar
200 1  @a“优教”成就“栋梁”@A“you jiao”cheng jiu“dong liang”@e上海市民办童园(实验)小学家校共育22个“关键词”@f孙琳主编
210    @a上海@c文汇出版社@d2020.09
215    @a205页@d23cm
330    @a本书以学生成长为轴心,从“品格培养”“修身磨砺”“习惯养成”“智慧习得”四方面,对影响学生成长的22个“关键词”作了既有理论又有实践的独特阐述。
517 1  @a上海市民办童园(实验)小学家校共育22个“关键词”@Ashang hai shi min ban tong yuan(shi yan)xiao xue jia xiao gong yu 22 ge“guan jian ci”
606 0  @a学校教育@x合作@x家庭教育@x小学
690    @aG626@v5
701  0 @a孙琳@Asun lin@c(女,@f1960.5-)@4主编
801  0 @aCN@bAHXH@c20221111
905    @b1371874-8@dG626@e2774@f5
    
    “优教”成就“栋梁”:上海市民办童园(实验)小学家校共育22个“关键词”/孙琳主编.-上海:文汇出版社,2020.09
    205页;23cm
    
    
    ISBN 978-7-5496-3235-0:CNY40.00
    本书以学生成长为轴心,从“品格培养”“修身磨砺”“习惯养成”“智慧习得”四方面,对影响学生成长的22个“关键词”作了既有理论又有实践的独特阐述。
●
相关链接 在E读中查询图书 在五车中查询图书 在当当中查询图书 在豆瓣中查询图书


正题名:"优教"成就"栋梁"     索取号:G626/2774         预约/预借

序号 登录号 条形码 馆藏地/架位号 状态 备注
1 1371874   213718743   第一样本阅览室/ [索取号:G626/2774] 在馆    
2 1371875   213718752   教育系资料室/ [索取号:G626/2774] 在馆    
3 1371876   213718761   教育系资料室/ [索取号:G626/2774] 在馆    
4 1371877   213718770   第四借阅区/ [索取号:G626/2774] 在馆    
5 1371878   213718789   第四借阅区/ [索取号:G626/2774] 在馆    
唐山师范学院图书馆 欢迎您!
大连网信软件有限公司© 版权所有